| 000 | 00716nam a2200217Ia 4500 | ||
|---|---|---|---|
| 003 | IN-BaIIA | ||
| 008 | 211028s9999 xx s 000 0 eng d | ||
| 020 | _a978-2-7598-1735-1 (Online) | ||
| 022 | _a1633-4760 (Print) | ||
| 022 | _a1638-1963 (Online) | ||
| 040 | _cIIA Library | ||
| 100 |
_aMichel, E., ed. _938264 |
||
| 245 | 0 |
_aAsteroseismology and Next Generation Stellar Models - EES2014 _h[eBook] |
|
| 260 |
_aFrance _bEDP Sciences _c2015 |
||
| 300 | _a341p. | ||
| 490 | _aEAS Publications Series | ||
| 700 |
_aCharbonnel, C. _938265 |
||
| 700 |
_aDintrans, B. _938266 |
||
| 856 |
_uhttps://www.eas-journal.org/articles/eas/abs/2015/02/contents/contents.html _yClick Here to Access eBook |
||
| 942 | _cEB | ||
| 999 |
_c20664 _d20664 |
||